ბათუმის შოთა რუსთაველის სახელმწიფო უნივერსიტეტის ბიბლიოთეკა

ამირან-დარეჯანიანი (ბიბ.ჩანაწერი № 41916)

000 -LEADER
fixed length control field 01240nam a2200253Ia 4500
001 - CONTROL NUMBER
control field 8600
003 - CONTROL NUMBER IDENTIFIER
control field GE_BSU
008 - FIXED-LENGTH DATA ELEMENTS--GENERAL INFORMATION
fixed length control field 181216s||||||||xx |||||||||||||| ||und||
040 ## - CATALOGING SOURCE
Transcribing agency GE_BSU
080 ## - UNIVERSAL DECIMAL CLASSIFICATION NUMBER
Universal Decimal Classification number 821.353.1-1
100 ## - MAIN ENTRY--PERSONAL NAME
Personal name თანიაშვილი, სულხან
245 ## - TITLE STATEMENT
Title ამირან-დარეჯანიანი
245 ## - TITLE STATEMENT
Remainder of title გალექსილი ვარიანტი
245 ## - TITLE STATEMENT
Statement of responsibility, etc. გ. ჯაკობიას რედ. წინასიტყვაობით, ლექსიკონით და შენიშვნებით
250 ## - EDITION STATEMENT
Edition statement საქართველოს სსრ. მეცნიერებათა აკადემია. საქართველოს სახელმწიფო მუზეუმი.
260 ## - PUBLICATION, DISTRIBUTION, ETC.
Place of publication, distribution, etc. თბილისი.
260 ## - PUBLICATION, DISTRIBUTION, ETC.
Name of publisher, distributor, etc. მეცნიერებათა აკადემიის გამ-ბა
260 ## - PUBLICATION, DISTRIBUTION, ETC.
Date of publication, distribution, etc. 1941
300 ## - PHYSICAL DESCRIPTION
Extent 380 გვ; 23 სმ.
300 ## - PHYSICAL DESCRIPTION
Other physical details გაშლილი თავფურცელი რუსულ ენაზე
653 ## - INDEX TERM--UNCONTROLLED
Uncontrolled term ამირან-დარეჯანიანი
653 ## - INDEX TERM--UNCONTROLLED
Uncontrolled term გალექსილი ვარიანტი
942 ## - ADDED ENTRY ELEMENTS (KOHA)
Koha item type წიგნი
ეგზემპლარები
Withdrawn status Lost status Damaged status Not for loan Date acquired Barcode Date last seen Price effective from Koha item type
        2018-12-17 30996 2018-12-17 2018-12-17 წიგნი
        2018-12-17 30997 2018-12-17 2018-12-17 წიგნი